00313pam a2200133 a 4500020000500000041000800005082001300013100001500026245005600041250001200097260004000109300000900149653002100158 c aeng a612bAPT aApte, S R. aExperimental Physiology Vol - IIhTextual Documents a1st ed. aPoona:bPadmashri Prakashan,c1966. a302. aHuman Physiology